000 01968nam a2200241Ia 4500
003 OSt
005 20210729100854.0
008 210310s2010 ck ad gr 100 0 spa d
040 _aCO-JMCR
_cCO-JMCR
041 0 _aspa
_aeng
082 0 4 _a332.46 /
_bC748p
_223
111 2 _aConferencia Anual sobre Política Monetaria
_n(4° :
_cCartagena :
_d2009)
_938871
245 1 0 _aPolítica monetaria :
_b¿Qué hemos aprendido desde una perspectiva de largo plazo y de la presente crisis? /
_cConferencia Anual sobre Política Monetaria
260 _aCartagena :
_bFondo Latinoamericano de Reserva,
_c2010
300 _axiii, 145 páginas :
_bilustraciones y gráficas a color ;
_c24 cm.
500 _aIncluye notas a pie de página.
504 _aBibliografía al final de cada capítulo.
505 0 _tIssues in monetary and exchange rate policy (Based on remarks at a conference of Latin American Central Banks sponsored by FLAR) /
_rArnold C. Harberger
_tThe global crisis and Latin America: financial impact and policy responses /
_rAlejandro Jara, Ramón Moreno and Camilo Tovar
_t¿Hacía dónde va la regulación financiera internacional? /
_rLiliana Rojas-Suárez
_tLos derechos especiales de giro y el sistema mundial de reservas /
_rJosé Antonio Ocampo
_tRespuestas de política económica a la crisis financiera: La experiencia chilena /
_rLuis Felipe Céspedes
_tCrisis económica y financiera, respuestas de política y su impacto sobre las finanzas públicas. Una perspectiva global /
_rEnrique Alberola y Fernando Gutiérrez del Arroyo
_tThe global credit crunch and foreign banks. Lending Latin America /
_rHerman Kamil and Kulwant Rai
_tReflexiones sobre la política monetaria y fiscal ante la crisis /
_rPedro Aspe Armella
546 _aTexto en inglés y español.
650 1 4 _aEstabilidad financiera
_916611
_xCongresos, conferencias, etc.
_zColombia
650 2 4 _aRegulación financiera
_xCongresos, conferencias, etc.
_zColombia
_938872
942 _2ddc
_cBK
999 _c8201
_d8201